000 00569nam a22002057a 4500
005 20251108174953.0
008 250721s2010 xx 000 0 ara d
082 1 4 _a501/تري
100 1 _aتريفيل، جيمس
245 1 0 _aلماذا العلم ؟ /
246 1 1 _awhy science ?
264 1 _aالكويت :
_bالمجلس الوطني للثقافة،
_c2010.
300 _a287ص.
650 1 7 _aالعلم
650 1 7 _aالثقافة
650 1 7 _aالفلسفة
700 1 _aجلال، شوقي
_eمترجم
942 _2ddc
_cBK
999 _c122809
_d122809